Match the U.S State to it's Motto - Click Quiz - Statistics

General Stats
  • This quiz has been taken 22 times
  • The average score is 10 of 50
Answer Stats
Hint Answer % Correct
Virtue, liberty, and independence Pennsylvania
54%
Mountaineers are always free West Virginia
54%
North to the Future Alaska
46%
I have found it (Eureka) California
46%
Live Free or Die New Hampshire
46%
If you seek a pleasant peninsula, look about you Michigan
38%
The star of the North Minnesota
38%
Hope Rhode Island
38%
The life of the land is perpetuated in righteousness Hawaii
31%
Union, justice, confidence Louisiana
31%
By the sword we seek peace, but peace only under liberty Massachusetts
31%
Equal Rights Wyoming
31%
We dare defend our rights Alabama
23%
He who transplanted still sustains Connecticut
23%
Our liberties we prize and our rights we will maintain Iowa
23%
To the stars through difficulties Kansas
23%
United we stand, divided we fall Kentucky
23%
Gold and silver Montana
23%
All For Our Country Nevada
23%
She flies with her own wings Oregon
23%
Friendship Texas
23%
Industry Utah
23%
Freedom and Unity Vermont
23%
The Crossroads of America Indiana
15%
Let the welfare of the people be the supreme law Missouri
15%
Equality before the law Nebraska
15%
Liberty and prosperity New Jersey
15%
With God, all things are possible Ohio
15%
While I breathe, I hope South Carolina
15%
Thus always to tyrants Virginia
15%
Forward Wisconsin
15%
God enriches Arizona
8%
The people rule Arkansas
8%
Nothing without providence Colorado
8%
Liberty and Independence Delaware
8%
In God We Trust Florida
8%
Wisdom, Justice, Moderation Georgia
8%
Let it be perpetual Idaho
8%
State sovereignty, national union Illinois
8%
I lead (Eureka) Maine
8%
Strong deeds, gentle words Maryland
8%
By valor and arms Mississippi
8%
It grows as it goes New Mexico
8%
Ever upward New York
8%
To be, rather than to seem North Carolina
8%
Liberty and union, now and forever, one and inseparable North Dakota
8%
Labor conquers all things Oklahoma
8%
Agriculture and Commerce Tennessee
8%
By and by Washington
8%
Under God the people rule South Dakota
0%
No matching quizzes found
Score Distribution
Percent of People with Each Score
Percentile by Number Answered
Your Score History
You have not taken this quiz